000
00300nam a22001337a 4500
008
170419b xxu||||| |||| 00| 0 eng d
020
_a
9780130838179
041
_a
eng
080
_2
6 ED
_a
579
100
_a
11
101
_a
SHM
245
_a
BIOLOGYOF MICROORGANISMS
_c
BROCK.TH.D
942
_2
udc
_c
BK
999
_c
11087
_d
11087